|
|
|
|
| LEADER |
00967nam a2200265 a 4500 |
| 001 |
000671926 |
| 003 |
CZ BrMZK |
| 005 |
20030528092431.0 |
| 008 |
030528s1978 xr f cze d |
| 015 |
|
|
|a cnb000419822
|
| 035 |
|
|
|a (OCoLC)42182518
|
| 040 |
|
|
|a BOA001
|b cze
|c BOA001
|
| 041 |
0 |
|
|a cze
|a rus
|
| 100 |
1 |
|
|a Brandner, Aleš,
|d 1944-2022
|7 mzk2002113248
|4 aut
|
| 245 |
1 |
0 |
|a Ruská textová cvičebnice pro filology - neruštináře /
|c sestavil Aleš Brandner
|
| 250 |
|
|
|a 1. vyd.
|
| 260 |
|
|
|a Praha :
|b Státní pedagogické nakladatelství,
|c 1978
|
| 300 |
|
|
|a 198 s.
|
| 500 |
|
|
|a Rotaprint
|
| 710 |
2 |
|
|a Univerzita J.E. Purkyně v Brně.
|b Filozofická fakulta
|7 kn20010709347
|
| 910 |
|
|
|a BOA001
|b PK-N-0019.791
|
| 964 |
|
|
|a Ruština - texty literárněvědné - školy vysoké
|
| 964 |
|
|
|a Ruština - texty jazykozpytné - školy vysoké
|
| 990 |
|
|
|a BK
|
| 996 |
6 |
|
|b BC-94146
|c PK-N-0019.791
|l MZK
|r Sklad / do 1 hodiny
|n 0
|w 000671926
|u 000010
|a 1
|e BOA001
|j MZK50
|s P
|